| 000 | 00442nam a2200109Ia 4500 | ||
|---|---|---|---|
| 008 | 160909s9999 xx 000 0 und d | ||
| 100 | _aBayog, Maria Lourdes Geronimo | ||
| 245 | _aImpact of Acculturation and Lifestyle Health Behaviors on Cardiovascular Health among Filipinos in California | ||
| 260 |
_bUniversity of California, San Francisco. _c2016 |
||
| 650 | _aNursing | ||
| 856 | _uhttp://pqdtopen.proquest.com/doc/1802526298.html?FMT=ABS | ||
| 999 |
_c303913 _d303913 |
||